Rabīndranāṭya prabāha. (Record no. 67812)

MARC details
000 -LEADER
fixed length control field 00559cam a22002171 4500
001 - CONTROL NUMBER
control field sa 66001438
003 - CONTROL NUMBER IDENTIFIER
control field DLC
005 - DATE AND TIME OF LATEST TRANSACTION
control field 20260227112222.0
008 - FIXED-LENGTH DATA ELEMENTS--GENERAL INFORMATION
fixed length control field 890821m19589999ii 000 0 beno
010 ## - LIBRARY OF CONGRESS CONTROL NUMBER
LC control number sa 66001438
035 ## - SYSTEM CONTROL NUMBER
System control number (OCoLC)20227899
040 ## - CATALOGING SOURCE
Original cataloging agency DLC
Transcribing agency WaU
Modifying agency DLC
042 ## - AUTHENTICATION CODE
Authentication code premarc
050 00 - LIBRARY OF CONGRESS CALL NUMBER
Classification number PK1727.D7
Item number B5
100 1# - MAIN ENTRY--PERSONAL NAME
Personal name Biśī, Pramathanātha,
Dates associated with a name 1901-1985.
245 10 - TITLE STATEMENT
Title Rabīndranāṭya prabāha.
260 ## - PUBLICATION, DISTRIBUTION, ETC.
Date of publication, distribution, etc. [1958- v. 1, 1960]
300 ## - PHYSICAL DESCRIPTION
Extent v.
Dimensions 23 cm.
500 ## - GENERAL NOTE
General note In Bengali.
600 10 - SUBJECT ADDED ENTRY--PERSONAL NAME
Personal name Tagore, Rabindranath,
Dates associated with a name 1861-1941.

No items available.

Powered by Koha